འབྲུག་གི་ཁྲིམས་དེབ། Acts of Bhutan Vol.II (Record no. 8855)

MARC details
000 -LEADER
fixed length control field 00413nam a22001337a 4500
008 - FIXED-LENGTH DATA ELEMENTS--GENERAL INFORMATION
fixed length control field 210827b ||||| |||| 00| 0 eng d
082 ## - DEWEY DECIMAL CLASSIFICATION NUMBER
Classification number 342.54 ACT
100 ## - MAIN ENTRY--PERSONAL NAME
Personal name Parliaments of Bhutan
245 ## - TITLE STATEMENT
Title འབྲུག་གི་ཁྲིམས་དེབ། Acts of Bhutan Vol.II
260 ## - PUBLICATION, DISTRIBUTION, ETC.
Place of publication, distribution, etc. Thimphu :
Name of publisher, distributor, etc. Parliaments of Bhutan,
Date of publication, distribution, etc. 2021.
300 ## - PHYSICAL DESCRIPTION
Extent xxx, 302 p.
Dimensions 26 cm.
650 ## - SUBJECT ADDED ENTRY--TOPICAL TERM
Topical term or geographic name entry element Acts of Bhutan
942 ## - Added entry Elements (Koha)
Source of classification or shelving scheme Dewey Decimal Classification
Holdings
Withdrawn status Lost status Source of classification or shelving scheme Damaged status Not for loan Collection code Home library Current library Shelving location Date acquired Serial Enumeration / chronology Total Checkouts Full call number Barcode Date last seen Price effective from Koha item type
    Dewey Decimal Classification     Dzongkha RTC Library RTC Library Dzongkha 27/08/2021 16184   342.54 ACT 30015214 12/01/2022 27/08/2021 Dzongkha
Royal Thimphu College || All Right Reserved